000 00302nam a22001337a 4500
008 170203b xxu||||| |||| 00| 0 eng d
020 _a9781416032014
041 _aeng
080 _a61
100 _a3
101 _aSHM
245 _aTHE ADMINISTRATIVE MEDICAL ASSISTANT
_cYOUNG, A.P
942 _2udc
_cBK
999 _c4487
_d4487